EastEnders character deaths - Statistics

General Stats
  • This quiz has been taken 18 times
    17 since last reset
  • The average score is 102 of 239
Answer Stats
Date On/Offscreen Cause of death Character % Correct
18 Feb 2005 On Bludgeoned with doorstop Den Watts
100%
1 Jan 2017 On Cardiac arrest and drowned Roxy Mitchell
100%
Before 1992 Off Unknown Denis Wilmott-Brown
89%
1 Jan 2006 On Stabbed in the chest Dennis Rickman
89%
21 Feb 2020 On Drowned in boat crash Dennis Rickman Jr
89%
1 Dec 2022 Off Passed in their sleep Dot Branning
89%
19 Apr 2021 On Pushed in front of a train Kush Kazemi
89%
19 Feb 2025 On Cardiac arrest after being crushed by beam in Queen Vic Martin Fowler
89%
29 Apr 2026 On Pneumonia as a Complication of Dementia Nigel Bates
89%
18 Jul 2016 Off Beaten in a Homophobic Attack Paul Coker
89%
25 Dec 2006 On Brain haemorrhage after being hit by frying pan Pauline Fowler
89%
23 Dec 2004 Off Shot Paul Trueman
89%
Before 2011 Off Unknown Causes Ronnie Bains
89%
1964 Off Heart condition Ronnie Beale
89%
1 Jan 2017 On Drowned Ronnie Branning
89%
19 Jan 2018 On Fell from Queen Vic roof Abi Branning
78%
25 Dec 2025 On Bludgeoned with a salt lamp Anthony Trueman
78%
25 Dec 2009 On Bludgeoned by Queen Vic bust Archie Mitchell
78%
24 Dec 2016 On Crushed in a car Arthur Chubb
78%
20 May 1996 On Brain haemorrhage in prison riot Arthur Fowler
78%
1 Jan 2004 On Pushed off a cliff Barry Evans
78%
19 Feb 2010 On Fell from Queen Vic roof Bradley Branning
78%
18 Sep 2020 On Impaled on a knife after being pushed Chantelle Atkins
78%
9 Jul 1991 Off Lorry accident Charlie Cotton
78%
20 Sep 1998 Off Heart attack Charlie Mitchell
78%
6 Jan 2016 On Heart attack Charlie Slater
78%
21 Mar 2012 On Bludgeoned by picture frame Heather Trott
78%
1992 Off Unknown John Peacock
78%
18 Apr 2014 Off Hit with a Music Box Lucy Beale
78%
17 May 2016 Off Suicide by Drug Overdose Peggy Mitchell
78%
1 Mar 2002 On Car explosion after a car chase Steve Owen
78%
15 Aug 2008 On Euthanised after eating chocolate Wellard
78%
2017 Off Unknown Causes Wellard
78%
8 Apr 2002 Off Cirrhosis of the liver Angie Watts
67%
14 Jun 2001 On Motorbike accident Ashley Cotton
67%
1 Jan 2014 On Head crushed with car boot Carl White
67%
31 Mar 2006 On Shot Danny Moon
67%
Apr 2011 Off Liver Failure Dan Pearce
67%
1 Jan 2015 On Brain haemorrhage after being hit by car Emma Summerhayes
67%
31 Mar 2008 Off Throat Cancer Frank Butcher
67%
24 Jun 2021 Off Beaten in Prison Jags Panesar
67%
26 Jan 2007 On Pushed out of a window Joe Macer
67%
28 Jul 1994 Off AIDS Joe Wallace
67%
31 May 2023 On Brain tumour Lola Pearce-Brown
67%
26 Jul 1988 Off Natural causes Lou Beale
67%
12 Apr 2004 Off AIDS Mark Fowler
67%
17 Jul 2001 Off Unknown Mark Reynolds
67%
14 Nov 2019 On Hit by a lorry Mel Owen
67%
2016 Off Natural Causes Michael
67%
31 Oct 2013 On Stabbed Michael Moon
67%
13 Feb 2015 On Heroin overdose Nick Cotton
67%
1 Jan 2025 On Pushed off a balcony Nish Panesar
67%
26 Nov 2009 On Strangled Owen Turner
67%
1 Jan 2012 On Pancreatic cancer Pat Evans
67%
10 Aug 2022 On Bludgeoned with a clock Ranveer Gulati
67%
3 Jan 2019 On Shot Ray Kelly
67%
Before 1995 Off Unknown Reg Carter
67%
Feb 1985 Off Beaten Reg Cox
67%
20 Jul 2007 On Jumped off a roof Stella Crawford
67%
1 Jan 1999 On Accidentally hit by car Tiffany Mitchell
67%
28 Dec 2020 Off Strangled Tina Carter
67%
9 Feb 1989 Off Suicide by asphyxiation Trevor Kellow
67%
1 Nov 2002 On Deliberate house fire Trevor Morgan
67%
3 Sep 2009 On Impaled on a rake Trina Johnson
67%
8 Mar 1994 On Burned in car lot fire Alan Hall
56%
Before 1995 Off Hit over the head and fell from scaffolding Andy Baker
56%
18 Feb 2005 On Pushed off a flyover Andy Hunter
56%
14 Aug 1986 On Hit by lorry Andy O'Brien
56%
22 Jun 1995 Off Hit-and-run Debbie Bates
56%
24 Jul 2024 On Suffocated with a pillow Debbie Colwell
56%
25 Dec 2012 On Heart attack Derek Branning
56%
10 Sep 1991 Off Stabbed Eddie Royle
56%
7 Sep 2000 Off Assisted overdose Ethel Skinner
56%
15 Feb 2019 On Pancreatic cancer Harold Legg
56%
6 Sep 2019 On Shot Hunter Owen
56%
31 Dec 2010 Off Sudden Infant Death Syndrome James Branning
56%
25 Dec 2002 On Liver damage after being hit by car Jamie Mitchell
56%
25 Dec 2023 On Stabbed Keanu Taylor
56%
31 Dec 2007 On Car crash Kevin Wicks
56%
30 Apr 2004 On Broken neck after falling down stairs Laura Beale
56%
18 Jun 2008 On Gas explosion May Wright
56%
31 Dec 1992 Off Alzheimers Mo Butcher
56%
16 Dec 2005 On Aortic aneurysm Nana Moon
56%
9 Dec 1993 Off Staged car crash Pete Beale
56%
19 Feb 2025 On Crushed by a bathtub in the Queen Vic Reiss Colwell
56%
17 Mar 2003 On Heart attack Roy Evans
56%
14 Feb 1999 On Hit with an ashtray Saskia Dunkan
56%
25 May 2018 On Stabbed Shakil Kazemi
56%
8 Sep 2017 On Cardiac arrest after being pushed to a countertop Steven Beale
56%
1 Nov 2002 On Deliberate house fire Tom Banks
56%
21 Apr 1988 Off Heart attack Tom Clements
56%
29 May 1995 Off Unknown Tom Palmer
56%
21 Oct 2021 Off Natural causes Alex Atkins
44%
7 Sep 2001 On Brain haemorrhage from metal pipe Audrey Trueman
44%
12 Sep 1989 Off Natural causes Benny Bloom
44%
9 Oct 2010 Off Alcohol Poisoning Billie Jackson
44%
27 Feb 2020 On Cancer Daniel Cook
44%
13 Apr 1989 Off Choked after heroin overdose Donna Ludlow
44%
17 Nov 2016 Off Stabbed Eddie Kendall
44%
Before 2022 Off Cancer Eddie Tsang
44%
Before 23 Jul 2010 Off Strangled Gemma Charleston
44%
11 Apr 2024 On Heart attack Gloria Knight
44%
18 Jul 2003 On Shot Jack Dalton
44%
Jun 2004 Off Natural Causes Jack Draper
44%
5 May 2010 Off Car Accident Jack Edwards
44%
28 Aug 2008 On Stabbed Jase Dyer
44%
9 Mar 2007 On Bus accident Jed
44%
9 Apr 2015 Off Heart Attack Jim Branning
44%
20 Oct 2006 Off Heart Attack After Being Taunted Johnny Allen
44%
25 Sep 2020 Off Car Crash Lydia Dawkins
44%
13 Jun 2011 On Natural causes Lydia Simmonds
44%
18 Mar 2005 Off Car Accident Neil Miller
44%
25 Aug 2011 On Drowned after a fight Rob Grayson
44%
19 Oct 1993 Off Ran over by a lorry Roly
44%
1 Jan 2024 Off Unknown Sal Martin
44%
10 Apr 2015 On Prostate cancer Stan Carter
44%
2010 Off Murdered Sugar
44%
26 Jul 2013 Off Suicide in Prison Tony King
44%
2 Oct 2014 On Ran over Tramp
44%
20 Apr 2018 Off Shot Vincent Hubbard
44%
18 Mar 1996 Off Alzheimers Violet Roper
44%
1988 Off Unknown Violet Slater
44%
26 Dec 2011 On Burned to death in B&B fire Yusef Khan
44%
14 Feb 1988 Off Car crash Alfred Moon
33%
18 Jul 2022 On Terminal cancer Avery Baker
33%
26 Jul 2001 Off Heart disease Barbara Owen
33%
8 Sep 2017 Off Stillborn Belle Taylor
33%
4 Dec 1999 Off Punched and fell from scaffolding Brian Slater
33%
15 Mar 2021 On Put to sleep Bronson
33%
14 Feb 1988 Off Car crash Cherry Moon
33%
2 Oct 1997 Off Suicide by hanging Clive Dixon
33%
7 Jul 2022 Off Murdered in prison Craig Erskine
33%
19 Mar 2015 On Cancer Cyril Bishop
33%
2 Apr 2009 On Hit by a car Danielle Jones
33%
19 Dec 2008 Off Heart Attack David
33%
31 Dec 2004 Off Huntingtons Disease David Collins
33%
1993 Off Hit by a car Erica Unwin
33%
8 Dec 2006 Off Breast Cancer Evie Brown
33%
4 Mar 2004 Off Suicide by Gunshot Geoff Morton
33%
1 Oct 2024 Off Suicide Gideon Clayton
33%
25 Jun 1992 Off AIDS Gill Fowler
33%
2010 Off Unknown Harry Lewis
33%
20 Feb 1990 Off Natural causes Harry Osborne
33%
1 Feb 2002 Off Heart attack Harry Slater
33%
20 Jun 1985 Off Sudden infant death syndrome Hassan Osman
33%
24 Jun 2016 Off Ingested Cocaine Hercules
33%
18 Jun 1987 Off Lung cancer Irene Holloway
33%
27 Apr 2001 Off Cystic fibrosis Jimbo Wicks
33%
28 Jan 2016 Off Speedboat Accident Joel Reynolds
33%
25 Sep 2020 Off Car Crash Jonah Dawkins
33%
11 Sep 2025 On Heart attack Jonno Highway
33%
Before 2021 Off Heroin Overdose Jordan Johnson
33%
14 Feb 2020 On Stabbed Leo King
33%
12 Aug 2005 Off Drug Overdose Leo Taylor
33%
22 May 2012 Off Pancreatitis Caused by Alcoholism Lorraine Stevens
33%
5 Dec 2017 Off Kidnapped and Murdered Luke Browning
33%
Nov 2023 Off Unknown Margaret Asare
33%
8 Jul 2016 On Pushed off a balcony Margaret Midhurst
33%
1 Jun 2006 Off Hit Head on Mantle Margaret Wilson
33%
Dec 2002 Off Traffic Accident Nathan Dean
33%
16 Feb 2006 Off Pneumonia Nora Swann
33%
8 Oct 1999 Off Breast cancer Reenie Branning
33%
23 Feb 2007 Off Unknown Causes Rolf
33%
24 Jun 2002 Off Heart attack Rosa di Marco
33%
9 Dec 1993 Off Staged car crash Rose Chapman
33%
28 Mar 2004 Off Fire Scarlet Allen
33%
3 Nov 2011 Off Pneumonia Siobhan
33%
28 Mar 2004 Off Fire Stephanie Allen
33%
28 Jan 2016 Off Speedboat Accident Stephanie Reynolds
33%
31 Dec 1992 Off Hit by a car Stephanie Watson
33%
18 Mar 2005 Off Car Accident Sue Miller
33%
30 Mar 2017 Off Electrocuted in the Bath Sylvie Carter
33%
10 Nov 2025 On stabbed Tobias Okyere
33%
23 Apr 2009 On Kidney failure Tommy Clifford
33%
28 Jun 2004 Off Late Miscarriage Vivienne Hobbs
33%
12 Oct 1999 Off Stroke Viv Slater
33%
14 May 1992 Off Put down Willy
33%
28 Aug 2015 Off Stillborn Zaair Kazemi
33%
13 Oct 2006 Off Pancreatic Cancer Cedric Lucas
22%
8 Nov 2010 Off Murdered Crystal
22%
Before 2003 Off Murdered Dee Kelly
22%
16 May 2019 Off Suicide Dinah Wilson
22%
2021 Off Heart Attack Gavin Sullivan
22%
1984 Off Beaten Henry Asare
22%
14 Dec 1981 Off Pushed off a balcony Henry Hubbard
22%
11 Jan 2002 Off Cancer Jane Williams
22%
29 Mar 2018 Off Natural Causes Joyce Murray
22%
1 Jul 1995 Off Car accident Karen Wicks
22%
27 Jan 1979 Off Shot Malcom Keeble
22%
1958 Off Deliberate fire Ruth
22%
1941 Off Died in battle during WW2 Wilfred Walter Brianbridge
22%
Before 2023 Off Unknown, found in a canal Antonio
11%
28 Sep 2001 Off Poisoned with champagne Becks
11%
14 Feb 2019 Off Unknown Chris Kennedy
11%
8 Sep 2025 Off Killed by fox David Peckham
11%
2003 Off Stroke Edee
11%
Before 2022 Off Unknown Edie Harding
11%
Before 2017 Off Suicide by Drowning Elizabeth Willmott-Brown
11%
Jan 1998 Off Stroke Giuseppe di Marco
11%
4 Jul 2002 Off Beaten Hardeep
11%
Apr 1979 Off Cancer Jimmy Harris
11%
2004 Off Assisted Suicide Laurie Coker
11%
2007 Off Unknown Causes Marge
11%
1988 Off Unknown Maurice Samuels
11%
1996 Off Unknown Mr Malloy
11%
1900's Off Drowned Mrs Bagstock
11%
28 Sep 2001 Off Poisoned with champagne Posh
11%
8 Sep 2025 Off Killed by fox Posh
11%
Before 2018 Off Drug Overdose Rosie
11%
Before 2014 Off Brain Embolism Safirah Kazemi
11%
2016 Off Unknown Causes Sally Simpson
11%
17 Mar 2021 Off Hit their Head on a Rock During an Argument Shireen Bashar
11%
8 Sep 2025 Off Killed by fox Sporty
11%
1968 Off Drug overdose Val Mitchell
11%
12 Jun 1944 Off Died in battle during WW2 William Moon
11%
22 Apr 1970 Off Unknown William Skinner
11%
11 Sep 1965 Off Heart defect Albert Beale
0%
Before 1996 Off Cancer Alison Palmer
0%
2003 Off Unknown Causes Boots
0%
Feb 2015 Off Cancer Carol Hanley
0%
Before 1988 Off Unknown Chike Butcher
0%
1970s Off Unknown Doreen Evans
0%
1988 Off Unknown Esther Legg
0%
2005 Off Natural Causes Felix Kawalski
0%
1978 Off Unknown Gregory Legg
0%
2003 Off Natural Causes Gwen
0%
Before 2022 Off Unknown Haspira Gulati
0%
Jun 2023 Off Unknown Jackie Ford
0%
28 Feb 1976 Off Heart condition Janet Edwards
0%
Jan 1994 Off Premature birth Kira Salter
0%
2009 Off Unknown Lizzie Jones
0%
13 Sep 1978 Off Suicide Maggie Moon
0%
1996 Off Unknown Mandoo
0%
Mar 2007 Off Unknown Causes Margot Baker
0%
1992 Off Unknown Mr Papadopoulos
0%
23 Feb 1989 Off Murdered Mr Vinnicombe
0%
2003 Off Unknown Causes Paula Rickman
0%
14 Jun 1969 Off Heart attack Philip Mitchell
0%
26 Sep 1985 Off Leaukaemia Stuart
0%
No matching quizzes found
Score Distribution
Percent of People with Each Score
Percentile by Number Answered
Your Score History
You have not taken this quiz since the last reset